[Event "Bucharest Grand Prix op"]
[Site "Bucharest"]
[Date "2024.03.24"]
[Round "5"]
[White "Filip, Andrei"]
[Black "Baltag, Iulian"]
[Result "1/2-1/2"]
[WhiteElo "2289"]
[BlackElo "2412"]
[PlyCount "58"]
[EventDate "2024.03.23"]
[EventType "swiss (rapid)"]
[EventRounds "10"]
[EventCountry "ROU"]
[SourceTitle "CB13_2024"]
[SourceDate "2024.03.27"]
[SourceVersion "1"]
[SourceVersionDate "2024.03.27"]
[SourceQuality "1"]

1. e4 c5 2. Nf3 Nc6 3. d4 cxd4 4. Nxd4 Qb6 5. Nb3 Nf6 6. Nc3 e6 7. a3 Be7 8. Be3 Qc7 9. f4 d6 10. Be2 a6 11. 0-0 b5 12. Bf3 Bb7 13. Qe1 0-0 14. Rd1 b4 15. axb4 Nxb4 16. Qf2 Rac8 17. Bb6 Qb8 18. Na5 Ba8 19. Ba7 Qc7 20. Bb6 Qb8 21. Ba7 Qc7 22. Bb6 Qd7 23. Rd4 d5 24. exd5 exd5 25. Rd2 Qe6 26. Re1 Ne4 27. Nxe4 dxe4 28. c3 Qg6 29. f5 Qxf5 1/2-1/2

[Event "Bucharest Grand Prix op"]
[Site "Bucharest"]
[Date "2024.03.23"]
[Round "3"]
[White "Filip, Andrei"]
[Black "Efroimski, Marsel"]
[Result "1-0"]
[WhiteElo "2289"]
[BlackElo "2467"]
[PlyCount "89"]
[EventDate "2024.03.23"]
[EventType "swiss (rapid)"]
[EventRounds "10"]
[EventCountry "ROU"]
[SourceTitle "CB13_2024"]
[SourceDate "2024.03.27"]
[SourceVersion "1"]
[SourceVersionDate "2024.03.27"]
[SourceQuality "1"]

1. e4 e6 2. d4 d5 3. e5 c5 4. c3 Nc6 5. Nf3 Nge7 6. Na3 Nf5 7. Nc2 Bd7 8. Be2 Be7 9. 0-0 cxd4 10. cxd4 0-0 11. Bd3 f6 12. Bxf5 exf5 13. Bf4 Be8 14. exf6 Bxf6 15. Ne5 g5 16. Nxc6 bxc6 17. Bd2 f4 18. Bb4 Rf7 19. f3 Bd7 20. Bc5 Bf5 21. Nb4 Qc7 22. Re1 Rg7 23. Qa4 Bd7 24. Kh1 h5 25. Nd3 g4 26. Ne5 Kh8 27. Qa3 Qd8 28. Bd6 Kg8 29. Nxd7 Qxd7 30. Be5 Rf8 31. Bxf6 Rxf6 32. Re5 h4 33. Rae1 h3 34. Re8+ Kh7 35. R1e5 hxg2+ 36. Kg1 Qf7 37. Qd3+ Kh6 38. Rh8+ Rh7 39. Rxh7+ Qxh7 40. Rh5+ Kxh5 41. Qxh7+ Kg5 42. Qg7+ Rg6 43. Qe5+ Kh6 44. Qxf4+ Kg7 45. fxg4 1-0

[Event "Sebes GP op"]
[Site "Sebes"]
[Date "2023.11.05"]
[Round "6"]
[White "Filip, Andrei"]
[Black "Tanasie, Cosmin"]
[Result "0-1"]
[WhiteElo "2297"]
[BlackElo "1978"]
[PlyCount "158"]
[EventDate "2023.11.04"]
[EventType "swiss"]
[EventRounds "10"]
[EventCountry "ROU"]
[SourceTitle "CB46_2023"]
[SourceDate "2023.11.15"]
[SourceVersion "1"]
[SourceVersionDate "2023.11.15"]
[SourceQuality "1"]

1. e4 c5 2. Nf3 Nc6 3. Bb5 g6 4. Bxc6 dxc6 5. d3 Bg7 6. h3 Nh6 7. Nc3 f6 8. Be3 b6 9. a4 a5 10. 0-0 e5 11. Nd2 0-0 12. f4 exf4 13. Bxf4 f5 14. Kh1 Be6 15. Bh2 Qd7 16. Qe2 Rae8 17. Rae1 Kh8 18. Nf3 Bg8 19. Qd2 fxe4 20. Nxe4 Nf5 21. Neg5 Bd5 22. Ne5 Bxe5 23. Rxe5 Ng3+ 24. Bxg3 Rxf1+ 25. Kh2 Rf5 26. Rxe8+ Qxe8 27. c4 Bf7 28. Ne4 Qd7 29. Nd6 Rf1 30. Qh6 Kg8 31. Be5 Be6 32. Ne4 Qe7 33. Bd6 Qd7 34. Qh4 Rf5 35. g4 Rf3 36. Kg2 Rf7 37. Qg3 Qd8 38. Qe5 Bc8 39. g5 Rf5 40. Nf6+ Kf7 41. Qg3 Rxg5 42. Qxg5 Qxd6 43. Ne4 Qe6 44. Qf4+ Kg7 45. Qc7+ Kg8 46. Qd8+ Kg7 47. Qc7+ Bd7 48. Qg3 h6 49. h4 Qf5 50. Qc7 Qh3+ 51. Kg1 Qg4+ 52. Kf1 Qf3+ 53. Nf2 Qf7 54. Ke1 Qe7+ 55. Kd2 Qf7 56. Ne4 Bf5 57. Qe5+ Kf8 58. Qb8+ Kg7 59. Qe5+ Kf8 60. Nd6 Qe6 61. Qh8+ Ke7 62. Nb7 Qd7 63. Qe5+ Kf8 64. Nd6 Qe6 65. Qh8+ Ke7 66. Nb7 Qd7 67. Qg7+ Ke6 68. Qg8+ Ke7 69. Qg7+ Ke6 70. Qg8+ Kf6 71. Qf8+ Ke5 72. Qh8+ Ke6 73. Nd8+ Ke7 74. Qe5+ Kxd8 75. Qb8+ Ke7 76. Qe5+ Kf7 77. Qh8 Qxd3+ 78. Ke1 Qe3+ 79. Kd1 Qd4+ 0-1

[Event "ROM-chT"]
[Site "Eforie Nord"]
[Date "2023.09.26"]
[Round "6.6"]
[White "Costachi, Mihnea"]
[Black "Filip, Andrei"]
[Result "1-0"]
[WhiteElo "2476"]
[BlackElo "2314"]
[PlyCount "105"]
[EventDate "2023.09.21"]
[EventType "team-tourn"]
[EventRounds "9"]
[EventCountry "ROU"]
[SourceTitle "EXT 2024"]
[Source "ChessBase"]
[SourceDate "2023.10.10"]
[SourceVersion "1"]
[SourceVersionDate "2023.10.10"]
[SourceQuality "1"]
[WhiteTeam "Bucharest ASE"]
[BlackTeam "Timisoara Vest Univ"]
[WhiteTeamCountry "ROU"]
[BlackTeamCountry "ROU"]

1. d4 Nf6 2. Nf3 g6 3. g3 Bg7 4. Bg2 0-0 5. 0-0 d6 6. Re1 c5 7. e4 cxd4 8. Nxd4 Bg4 9. f3 Bd7 10. Be3 Nc6 11. Nc3 Rc8 12. Nxc6 bxc6 13. Qd2 Re8 14. Rad1 Qa5 15. b3 Be6 16. Ne2 Qc7 17. c4 Red8 18. Bd4 Bd7 19. h3 a5 20. Kh2 c5 21. Bc3 Ra8 22. Nf4 Bc6 23. a3 Ne8 24. h4 Bxc3 25. Qxc3 Ng7 26. Bh3 e5 27. Nd5 Bxd5 28. cxd5 Qb6 29. Rd2 Rdb8 30. Rb1 Ra7 31. Qc4 Ne8 32. f4 Re7 33. f5 Qb5 34. Qc3 Reb7 35. fxg6 hxg6 36. Qf3 a4 37. h5 axb3 38. hxg6 fxg6 39. Be6+ Kh7 40. Kg2 Ng7 41. Rh1+ Nh5 42. g4 Qa5 43. Rb2 Qxa3 44. Rf2 Rg7 45. gxh5 gxh5+ 46. Bg4 Kg8 47. Rxh5 b2 48. Qf5 Re8 49. Rh8+ Kxh8 50. Qh5+ Kg8 51. Qxe8+ Kh7 52. Qh5+ Kg8 53. Kh2 1-0

[Event "EU-ch U16 31st"]
[Site "Mamaia"]
[Date "2023.09.11"]
[Round "6"]
[White "Habans Aguerrea, Javier"]
[Black "Filip, Andrei"]
[Result "1-0"]
[WhiteElo "2362"]
[BlackElo "2314"]
[PlyCount "77"]
[EventDate "2023.09.05"]
[EventType "swiss"]
[EventRounds "9"]
[EventCountry "ROU"]
[SourceTitle "EXT 2024"]
[Source "ChessBase"]
[SourceDate "2023.10.10"]
[SourceVersion "1"]
[SourceVersionDate "2023.10.10"]
[SourceQuality "1"]

1. c4 Nf6 2. Nc3 g6 3. g3 Bg7 4. Bg2 0-0 5. d4 d6 6. Nf3 Nbd7 7. 0-0 e5 8. e4 exd4 9. Nxd4 Re8 10. h3 Nc5 11. Re1 a5 12. Qc2 Be6 13. Nxe6 Rxe6 14. Bf4 Nfd7 15. Rad1 Re8 16. Be3 Ne6 17. f4 Qc8 18. Kh2 h5 19. Qf2 a4 20. a3 Ra5 21. Nd5 Ra8 22. Rf1 Nec5 23. e5 Nb3 24. exd6 cxd6 25. f5 Kh7 26. g4 Qd8 27. fxg6+ fxg6 28. gxh5 Ne5 29. hxg6+ Nxg6 30. Qf7 Rf8 31. Nf6+ Qxf6 32. Rxf6 Rxf7 33. Rxf7 Re8 34. Rxd6 Kg8 35. Rdd7 Be5+ 36. Kh1 Nf8 37. Rxb7 Ne6 38. Bd5 Bxb2 39. Rfe7 1-0

[Event "Titled Tuesday intern op 22nd Aug Late"]
[Site "Chess.com INT"]
[Date "2023.08.22"]
[Round "3"]
[White "Filip, Andrei"]
[Black "Gallo Garcia, Kemel Antonio"]
[Result "1-0"]
[WhiteElo "2326"]
[BlackElo "2363"]
[PlyCount "163"]
[EventDate "2023.08.22"]
[EventType "swiss (blitz)"]
[EventRounds "11"]
[EventCountry "USA"]
[SourceTitle "EXT 2024"]
[Source "ChessBase"]
[SourceDate "2023.10.10"]
[SourceVersion "1"]
[SourceVersionDate "2023.10.10"]
[SourceQuality "1"]

1. d4 Nf6 2. Bf4 g6 3. Nc3 d5 4. h4 Bg7 5. e3 c6 6. Be2 Qa5 7. Nf3 Ne4 8. Qd3 Bf5 9. g4 Bxg4 10. Nd2 Bf5 11. Ncxe4 Bxe4 12. Qb3 Bxh1 13. Qxb7 0-0 14. Qxa8 Qb6 15. 0-0-0 Be4 16. f3 Bf5 17. e4 Be6 18. exd5 cxd5 19. a4 Nc6 20. a5 Qxd4 21. Qb7 Qxf4 22. Qxc6 Rc8 23. Qa6 Qb4 24. Nb3 Rc7 25. Qb5 Qf4+ 26. Kb1 h5 27. Qb8+ Kh7 28. Nc5 Qe5 29. Nxe6 fxe6 30. Bd3 Rc8 31. Qxe5 Bxe5 32. Re1 Bf6 33. Rxe6 Rb8 34. b3 Kg7 35. Ra6 Rb7 36. Rc6 Rd7 37. Ka2 Rd6 38. Rc7 Bxh4 39. Rxa7 Bf2 40. Rxe7+ Kf6 41. Rb7 h4 42. a6 h3 43. a7 Rd8 44. Rb8 Bxa7 45. Rxd8 h2 46. Rh8 Bg1 47. b4 Kg7 48. Rh3 g5 49. Bf5 Kf6 50. Bg4 Ke5 51. Kb3 Kd6 52. Ka4 Kc6 53. Kb3 Kb5 54. c3 Kb6 55. c4 d4 56. Bf5 Kc6 57. c5 Kb5 58. Bd3+ Kc6 59. Kc4 Kd7 60. b5 Ke6 61. b6 Ke5 62. b7 Kf4 63. b8Q+ Ke3 64. Qe5+ Kf2 65. Rxh2+ Bxh2 66. Qxh2+ Kxf3 67. Bf5 Ke3 68. Qg1+ Kd2 69. Qxg5+ Ke2 70. Kxd4 Kf2 71. Qh4+ Kf3 72. Bg4+ Kf4 73. Bf3+ Kf5 74. Qe4+ Kf6 75. c6 Kg5 76. c7 Kh6 77. c8Q Kg5 78. Qcg4+ Kf6 79. Qeg6+ Ke7 80. Q4e6+ Kd8 81. Qge8+ Kc7 82. Q6c6# 1-0

[Event "World ol U16"]
[Site "Eindhoven"]
[Date "2023.08.17"]
[Round "7.8"]
[White "Pedmanson, Albert"]
[Black "Filip, Andrei"]
[Result "1-0"]
[WhiteElo "1939"]
[BlackElo "2326"]
[PlyCount "79"]
[EventDate "2023.08.13"]
[EventType "team-swiss"]
[EventRounds "9"]
[EventCountry "NED"]
[SourceTitle "CBM 215 Extra"]
[Source "ChessBase"]
[SourceDate "2023.09.30"]
[SourceVersion "1"]
[SourceVersionDate "2023.09.30"]
[SourceQuality "1"]
[WhiteTeam "Estonia"]
[BlackTeam "Romania"]
[WhiteTeamCountry "EST"]
[BlackTeamCountry "ROU"]

1. e4 c5 2. Nf3 e6 3. c3 d5 4. exd5 Qxd5 5. d4 Nf6 6. Be2 Nc6 7. 0-0 cxd4 8. cxd4 Be7 9. Nc3 Qd6 10. Nb5 Qd8 11. Be3 0-0 12. Rc1 Nd5 13. Nc3 Nxc3 14. bxc3 b6 15. Nd2 Bb7 16. Bf3 Na5 17. Bxb7 Nxb7 18. Qf3 Na5 19. c4 Qd7 20. Rfd1 Rac8 21. c5 Qa4 22. Ne4 Qxa2 23. d5 exd5 24. Nc3 Qb3 25. Nxd5 Bxc5 26. Rc3 Qa4 27. Qh5 Qe4 28. Qg5 Kh8 29. Bxc5 Rxc5 30. Rg3 Rg8 31. h4 f6 32. Qh5 Nc6 33. Qf7 Ne5 34. Qxg8+ Kxg8 35. Nxf6+ Kf7 36. Nxe4 Rc2 37. Ng5+ Ke7 38. Re3 Kf6 39. Rd6+ Kf5 40. Rd5 1-0

[Event "World ol U16"]
[Site "Eindhoven"]
[Date "2023.08.16"]
[Round "6.6"]
[White "Md Sajidul, Haque"]
[Black "Filip, Andrei"]
[Result "1/2-1/2"]
[WhiteElo "2022"]
[BlackElo "2326"]
[PlyCount "157"]
[EventDate "2023.08.13"]
[EventType "team-swiss"]
[EventRounds "9"]
[EventCountry "NED"]
[SourceTitle "CBM 215 Extra"]
[Source "ChessBase"]
[SourceDate "2023.09.30"]
[SourceVersion "1"]
[SourceVersionDate "2023.09.30"]
[SourceQuality "1"]
[WhiteTeam "Bangladesh"]
[BlackTeam "Romania"]
[WhiteTeamCountry "BAN"]
[BlackTeamCountry "ROU"]

1. e4 c5 2. Nf3 e6 3. d4 cxd4 4. Nxd4 a6 5. c4 Nf6 6. Nc3 Bb4 7. Qd3 0-0 8. Be2 d6 9. f3 Nbd7 10. a3 Ne5 11. Qc2 Bc5 12. Be3 Bd7 13. Qd1 Qc7 14. Rc1 Rac8 15. b4 Bb6 16. f4 Ng6 17. 0-0 Rfd8 18. Qe1 Bc6 19. f5 exf5 20. exf5 Ne5 21. Qh4 Re8 22. Kh1 Nd3 23. Ne6 fxe6 24. Bxb6 Qxb6 25. Bxd3 Qe3 26. Rcd1 exf5 27. Rxf5 Rc7 28. b5 axb5 29. cxb5 Bxg2+ 30. Kxg2 Rxc3 31. Rf3 Qe5 32. Rd2 Rcc8 33. Re2 Qh5 34. Bc4+ Kh8 35. Qxh5 Rxe2+ 36. Bxe2 Nxh5 37. Rf7 Nf6 38. Rxb7 g6 39. b6 Rc2 40. Kf1 Nd5 41. Rb8+ Kg7 42. b7 Rb2 43. Bf3 Ne3+ 44. Kg1 d5 45. Re8 Rxb7 46. Rxe3 Rb1+ 47. Kf2 d4 48. Rd3 Ra1 49. Bc6 Kf6 50. a4 Ke5 51. Kf3 Rf1+ 52. Ke2 Rc1 53. Bb5 Ra1 54. Kd2 Ra2+ 55. Kc1 Rxh2 56. Kb1 Kd5 57. a5 Rh1+ 58. Kb2 Rh2+ 59. Kb3 Rh1 60. a6 Rb1+ 61. Ka2 Rxb5 62. a7 Ra5+ 63. Ra3 Rxa7 64. Rxa7 Ke4 65. Kb3 h5 66. Kc2 Kf3 67. Rh7 Kg3 68. Rh6 h4 69. Rxg6+ Kf2 70. Kd2 h3 71. Rf6+ Kg2 72. Ke2 d3+ 73. Ke3 h2 74. Rg6+ Kf1 75. Rf6+ Kg2 76. Rg6+ Kf1 77. Rh6 Kg2 78. Rxh2+ Kxh2 79. Kxd3 1/2-1/2

[Event "World ol U16"]
[Site "Eindhoven"]
[Date "2023.08.15"]
[Round "4.6"]
[White "Magalakis, Stefanos"]
[Black "Filip, Andrei"]
[Result "0-1"]
[WhiteElo "2189"]
[BlackElo "2326"]
[PlyCount "114"]
[EventDate "2023.08.13"]
[EventType "team-swiss"]
[EventRounds "9"]
[EventCountry "NED"]
[SourceTitle "CBM 215 Extra"]
[Source "ChessBase"]
[SourceDate "2023.09.30"]
[SourceVersion "1"]
[SourceVersionDate "2023.09.30"]
[SourceQuality "1"]
[WhiteTeam "Greece"]
[BlackTeam "Romania"]
[WhiteTeamCountry "GRE"]
[BlackTeamCountry "ROU"]

1. d4 Nf6 2. Nf3 g6 3. Bg5 Bg7 4. Nbd2 d5 5. e3 0-0 6. Be2 h6 7. Bh4 Nbd7 8. 0-0 g5 9. Bg3 Nh5 10. Be5 f6 11. Bg3 e5 12. c4 Nxg3 13. hxg3 e4 14. Ne1 f5 15. cxd5 Nf6 16. Qb3 Nxd5 17. Nc2 Kh7 18. Nb4 Nf6 19. a4 a5 20. Na2 Nd5 21. Bc4 c6 22. Nc3 Nb4 23. Na2 Nxa2 24. Qxa2 h5 25. Rad1 Rb8 26. Rc1 Qe7 27. Qb3 Kh8 28. Qd1 g4 29. Nb1 h4 30. Nc3 hxg3 31. fxg3 Bh6 32. Kf2 Be6 33. Ne2 Bxc4 34. Rxc4 Qd6 35. Rh1 Kg7 36. Qc2 Rh8 37. Qc3 Bxe3+ 38. Qxe3 Rxh1 39. Qg5+ Kf7 40. Rc5 Rf8 41. Rxf5+ Ke8 42. Qxg4 Rxf5+ 43. Qxf5 Qf8 44. Qxf8+ Kxf8 45. Nc3 Rc1 46. Nxe4 Rc2+ 47. Ke3 Rxb2 48. Nc5 b5 49. Kd3 Rxg2 50. Ne6+ Ke7 51. Nc5 Rxg3+ 52. Kc2 Rg4 53. Kc3 b4+ 54. Kc4 Rg3 55. d5 Rc3+ 56. Kd4 Rxc5 57. Kxc5 cxd5 0-1

[Event "Iasi Sadoveanu Memorial"]
[Site "Iasi"]
[Date "2023.08.06"]
[Round "9"]
[White "Stoleriu, George"]
[Black "Filip, Andrei"]
[Result "1/2-1/2"]
[WhiteElo "2398"]
[BlackElo "2326"]
[PlyCount "29"]
[EventDate "2023.08.01"]
[EventType "swiss"]
[EventRounds "9"]
[EventCountry "ROU"]
[SourceTitle "CBM 215 Extra"]
[Source "ChessBase"]
[SourceDate "2023.09.30"]
[SourceVersion "1"]
[SourceVersionDate "2023.09.30"]
[SourceQuality "1"]

1. e4 c5 2. Nf3 e6 3. b3 b6 4. Bb2 Bb7 5. Nc3 Nc6 6. g3 Nf6 7. Bg2 d5 8. exd5 Nxd5 9. Nxd5 Qxd5 10. 0-0 Nd4 11. Bxd4 cxd4 12. Ne1 Qd7 13. Bxb7 Qxb7 14. Qf3 0-0-0 15. a4 1/2-1/2

[Event "Iasi Sadoveanu Memorial"]
[Site "Iasi"]
[Date "2023.08.02"]
[Round "3"]
[White "Lucaci, Alin Marian"]
[Black "Filip, Andrei"]
[Result "0-1"]
[WhiteElo "1746"]
[BlackElo "2326"]
[PlyCount "68"]
[EventDate "2023.08.01"]
[EventType "swiss"]
[EventRounds "9"]
[EventCountry "ROU"]
[SourceTitle "CBM 215 Extra"]
[Source "ChessBase"]
[SourceDate "2023.09.30"]
[SourceVersion "1"]
[SourceVersionDate "2023.09.30"]
[SourceQuality "1"]

1. d4 Nf6 2. c4 c5 3. d5 b5 4. cxb5 a6 5. bxa6 g6 6. Nc3 Bg7 7. e4 0-0 8. Nf3 Qa5 9. Bd2 Bxa6 10. Be2 d6 11. 0-0 Bxe2 12. Qxe2 Qa6 13. Qxa6 Nxa6 14. Rfe1 Rfb8 15. b3 Nb4 16. Re2 Nd7 17. a4 Nc2 18. Rc1 Na3 19. Nb1 Rxb3 20. Nxa3 Rxa3 21. a5 Rb8 22. Ree1 Rb2 23. Rb1 c4 24. Rxb2 Bxb2 25. Bc1 c3 26. Kf1 Nc5 27. Bxb2 cxb2 28. Nd2 Ra1 29. a6 Nxe4 30. Nb1 Nc5 31. Nc3 Rxa6 32. Rxe7 Ra1+ 33. Re1 Rc1 34. Nb1 Nd3 0-1

[Event "EU-chT U18"]
[Site "Iasi"]
[Date "2023.07.27"]
[Round "4.4"]
[White "Herega, Nejc"]
[Black "Filip, Andrei"]
[Result "0-1"]
[WhiteElo "2228"]
[BlackElo "2310"]
[PlyCount "114"]
[EventDate "2023.07.24"]
[EventType "team-swiss"]
[EventRounds "7"]
[EventCountry "ROU"]
[SourceTitle "CBM 215 Extra"]
[Source "ChessBase"]
[SourceDate "2023.09.30"]
[SourceVersion "1"]
[SourceVersionDate "2023.09.30"]
[SourceQuality "1"]
[WhiteTeam "Slovenia U18"]
[BlackTeam "Romania U18"]
[WhiteTeamCountry "SLO"]
[BlackTeamCountry "ROU"]

1. d4 Nf6 2. c4 e6 3. Nc3 Bb4 4. e3 b6 5. Bd3 Bb7 6. Nf3 0-0 7. Bd2 d5 8. cxd5 exd5 9. Rc1 a6 10. 0-0 Bd6 11. Ne5 c5 12. f4 Nc6 13. Na4 c4 14. Bb1 Ne7 15. Be1 b5 16. Nc5 Bc8 17. Bh4 Bxc5 18. dxc5 Nf5 19. Bxf6 Qxf6 20. Bxf5 Bxf5 21. Qxd5 Rad8 22. Qf3 Rd2 23. Rf2 Rxf2 24. Kxf2 Qe7 25. e4 Bc8 26. Qe3 Rd8 27. Nc6 Qh4+ 28. Qg3 Qf6 29. Nxd8 Qxb2+ 30. Kf3 Qxc1 31. Qg5 Qd1+ 32. Kf2 Qd2+ 33. Kf3 Qd3+ 34. Kf2 Qxe4 35. Nc6 f6 36. Qd5+ Qxd5 37. Ne7+ Kf7 38. Nxd5 Ke6 39. Nb6 Bb7 40. g4 Ke7 41. Ke3 Kd8 42. h4 Kc7 43. Kd4 a5 44. a4 Ba6 45. axb5 Bxb5 46. Nd5+ Kd7 47. g5 f5 48. Ne3 g6 49. Nd5 a4 50. Nf6+ Ke6 51. Nxh7 a3 52. Kc3 Ba4 53. h5 gxh5 54. g6 h4 55. Ng5+ Kf6 56. Nf3 h3 57. Kd2 a2 0-1

[Event "EU-chT U18"]
[Site "Iasi"]
[Date "2023.07.25"]
[Round "2.4"]
[White "Von Mettenheim, Johannes"]
[Black "Filip, Andrei"]
[Result "1-0"]
[WhiteElo "2327"]
[BlackElo "2310"]
[PlyCount "83"]
[EventDate "2023.07.24"]
[EventType "team-swiss"]
[EventRounds "7"]
[EventCountry "ROU"]
[SourceTitle "CBM 215 Extra"]
[Source "ChessBase"]
[SourceDate "2023.09.30"]
[SourceVersion "1"]
[SourceVersionDate "2023.09.30"]
[SourceQuality "1"]
[WhiteTeam "Germany U18"]
[BlackTeam "Romania U18"]
[WhiteTeamCountry "GER"]
[BlackTeamCountry "ROU"]

1. d4 Nf6 2. c4 g6 3. Nc3 Bg7 4. e4 d6 5. Nge2 0-0 6. Ng3 c5 7. d5 e6 8. Be2 exd5 9. cxd5 a6 10. a4 Re8 11. 0-0 h5 12. f3 Nbd7 13. Be3 Nh7 14. Nh1 Rb8 15. Qd2 Ndf8 16. Nf2 Bd7 17. f4 b5 18. axb5 axb5 19. e5 dxe5 20. Nce4 c4 21. Nd6 Re7 22. Nfe4 f5 23. Nc5 exf4 24. Bf2 Nf6 25. Bf3 g5 26. Ncb7 Qc7 27. Qb4 Re5 28. Bd4 Nxd5 29. Bxd5+ Rxd5 30. Bxg7 Qb6+ 31. Kh1 Kxg7 32. Rad1 Rxd1 33. Rxd1 Be6 34. Nc5 Rd8 35. Qc3+ Kg6 36. Qe5 Bc8 37. Qe7 Nh7 38. Ne6 Rd7 39. Qe8+ Kf6 40. Nf8 Rxd6 41. Nxh7+ Kg7 42. Qe7+ 1-0

[Event "Brasov GP RO"]
[Site "Brasov"]
[Date "2023.07.17"]
[Round "3"]
[White "Filip, Andrei"]
[Black "Kollars, Dmitrij"]
[Result "0-1"]
[WhiteElo "2310"]
[BlackElo "2618"]
[PlyCount "126"]
[EventDate "2023.07.16"]
[EventType "swiss"]
[EventRounds "9"]
[EventCountry "ROU"]
[SourceTitle "CBM 215 Extra"]
[Source "ChessBase"]
[SourceDate "2023.09.30"]
[SourceVersion "1"]
[SourceVersionDate "2023.09.30"]
[SourceQuality "1"]

1. e4 e5 2. Nf3 Nc6 3. Bb5 a6 4. Ba4 Nf6 5. 0-0 b5 6. Bb3 Bc5 7. c3 d6 8. a4 Bb7 9. d4 Bb6 10. Re1 0-0 11. h3 h6 12. dxe5 Nxe5 13. Nxe5 dxe5 14. Nd2 c5 15. Qe2 c4 16. Bc2 Nd7 17. axb5 axb5 18. Rxa8 Qxa8 19. b3 Qa1 20. bxc4 Qxc3 21. Nb1 Qxc4 22. Bd3 Qc7 23. Bxb5 Nc5 24. Nd2 Rc8 25. Ba3 Ne6 26. Nf3 Nf4 27. Qb2 Qc2 28. Rc1 Bxf2+ 29. Kf1 Qxc1+ 30. Qxc1 Rxc1+ 31. Bxc1 Bg3 32. Nxe5 Bxe4 33. Bc6 Nd5 34. Bxd5 Bxd5 35. Nf3 Kh7 36. Bb2 f6 37. Bd4 Kg6 38. Bc5 h5 39. Kg1 Kf5 40. Nd2 Bf4 41. Nf1 Ke4 42. Kf2 h4 43. Bb6 Kd3 44. Bc5 Be5 45. Bb6 g5 46. Bc5 Be6 47. Bb6 Bd6 48. Ba7 f5 49. Bb6 Be7 50. Ba7 Bf6 51. Bb6 Bd5 52. Bc5 Bc6 53. Bb6 Be7 54. Ba7 Be4 55. Bb6 Bd5 56. Ba7 g4 57. hxg4 fxg4 58. Bb6 Bd6 59. Bd8 g3+ 60. Ke1 Bb4+ 61. Kd1 Bxg2 62. Bxh4 Bxf1 63. Bxg3 Bd2 0-1

[Event "Titled Tuesday intern op 23rd May Early"]
[Site "Chess.com INT"]
[Date "2023.05.23"]
[Round "1"]
[White "Filip, Andrei"]
[Black "Yaniuk, Volodymyr"]
[Result "0-1"]
[WhiteElo "2310"]
[BlackElo "2223"]
[PlyCount "42"]
[EventDate "2023.05.23"]
[EventType "swiss (blitz)"]
[EventRounds "11"]
[EventCountry "USA"]
[SourceTitle "CBM 214 Extra"]
[Source "ChessBase"]
[SourceDate "2023.07.31"]
[SourceVersion "1"]
[SourceVersionDate "2023.07.31"]
[SourceQuality "1"]

1. Nf3 d5 2. b3 c5 3. Bb2 Nc6 4. e3 Bg4 5. Be2 Qc7 6. 0-0 Nf6 7. h3 Bh5 8. c4 dxc4 9. bxc4 Rd8 10. Nc3 e6 11. a3 Be7 12. Qc2 Bg6 13. Qb3 0-0 14. Rfd1 Na5 15. Qa2 Bc2 16. Re1 Bb3 17. Qb1 Bxc4 18. Nb5 Qb6 19. Bxc4 Nxc4 20. a4 Nxb2 21. Qxb2 a6 0-1

[Event "Bucharest Grand Prix"]
[Site "Bucharest"]
[Date "2023.04.29"]
[Round "3"]
[White "Filip, Andrei"]
[Black "Sadhwani, Raunak"]
[Result "0-1"]
[WhiteElo "2327"]
[BlackElo "2627"]
[PlyCount "70"]
[EventDate "2023.04.29"]
[EventType "swiss (rapid)"]
[EventRounds "10"]
[EventCountry "ROU"]
[SourceTitle "CBM 213 Extra"]
[Source "ChessBase"]
[SourceDate "2023.05.31"]
[SourceVersion "1"]
[SourceVersionDate "2023.05.31"]
[SourceQuality "1"]

1. e4 c5 2. Nf3 Nc6 3. Bb5 e6 4. 0-0 Nge7 5. Re1 a6 6. Bf1 b6 7. c3 d5 8. exd5 Nxd5 9. d4 cxd4 10. Nxd4 Bb7 11. Nxc6 Bxc6 12. c4 Nf6 13. Qb3 Qc7 14. h3 Bd6 15. Nc3 0-0 16. Be3 Rab8 17. Qc2 Qb7 18. Rad1 Rbd8 19. Qb3 Bc7 20. Bd4 Nh5 21. Ne2 e5 22. Be3 Kh8 23. Rxd8 Bxd8 24. Qc3 Bc7 25. Qd3 f5 26. Nc3 f4 27. Bc1 f3 28. g4 Nf6 29. Bg5 e4 30. Qe3 Bb8 31. Bh4 h6 32. g5 Nh5 33. gxh6 Rg8 34. h7 Rf8 35. Qg5 Qc7 0-1

[Event "World School-ch U17"]
[Site "Rhodes"]
[Date "2023.04.22"]
[Round "9"]
[White "Gokcek, Kursat Bugra"]
[Black "Filip, Andrei"]
[Result "0-1"]
[WhiteElo "2140"]
[BlackElo "2327"]
[PlyCount "80"]
[EventDate "2023.04.14"]
[EventType "swiss"]
[EventRounds "9"]
[EventCountry "GRE"]
[SourceTitle "EXT 2024"]
[Source "ChessBase"]
[SourceDate "2023.10.10"]
[SourceVersion "1"]
[SourceVersionDate "2023.10.10"]
[SourceQuality "1"]

1. e4 c5 2. Nf3 e6 3. c3 Nf6 4. e5 Nd5 5. d4 cxd4 6. cxd4 d6 7. Bc4 Nc6 8. 0-0 Be7 9. Bd2 0-0 10. Nc3 Nxc3 11. Bxc3 Qc7 12. a3 dxe5 13. dxe5 b6 14. Qe2 Bb7 15. Bd3 Rac8 16. Qe4 g6 17. Qf4 Na5 18. Rfe1 Nb3 19. Rad1 Bxf3 20. Qxf3 Rfd8 21. Qg4 Nc5 22. Bc2 Rxd1 23. Qxd1 Nd7 24. Ba4 Nc5 25. Bc2 b5 26. Qg4 Nd7 27. Re3 Bf8 28. Bd3 a6 29. h4 Bh6 30. Re2 Bg7 31. Qg5 Nb6 32. h5 Na4 33. Bd4 Qd7 34. Re4 Nxb2 35. Be2 Nc4 36. hxg6 hxg6 37. Kh2 Nxa3 38. f4 a5 39. f5 exf5 40. e6 Qd6+ 0-1

[Event "World School-ch U17"]
[Site "Rhodes"]
[Date "2023.04.18"]
[Round "5"]
[White "Madajczak, Piotr"]
[Black "Filip, Andrei"]
[Result "1/2-1/2"]
[WhiteElo "1993"]
[BlackElo "2327"]
[PlyCount "113"]
[EventDate "2023.04.14"]
[EventType "swiss"]
[EventRounds "9"]
[EventCountry "GRE"]
[SourceTitle "EXT 2024"]
[Source "ChessBase"]
[SourceDate "2023.10.10"]
[SourceVersion "1"]
[SourceVersionDate "2023.10.10"]
[SourceQuality "1"]

1. c4 Nf6 2. Nc3 g6 3. g3 Bg7 4. Bg2 0-0 5. e4 c5 6. Nge2 Nc6 7. 0-0 d6 8. d3 Rb8 9. h3 Ne8 10. Be3 Nc7 11. d4 b5 12. cxb5 Nxb5 13. dxc5 dxc5 14. Qa4 Nbd4 15. Rad1 Bd7 16. Qa3 Qb6 17. Rd2 e6 18. Na4 Qa6 19. Nxc5 Nxe2+ 20. Kh2 Qxa3 21. bxa3 Nxg3 22. Kxg3 Bc8 23. Nd7 Bxd7 24. Rxd7 a5 25. Rc1 Rfc8 26. f4 Bb2 27. Rc2 Bxa3 28. e5 Ne7 29. Rxc8+ Rxc8 30. Be4 Nf5+ 31. Bxf5 gxf5 32. Bd2 Rc2 33. Bxa5 Rxa2 34. Bd8 Bb4 35. Bf6 Be1+ 36. Kf3 Ra8 37. Rd1 Bb4 38. Rg1+ Kf8 39. Rg7 Ra3+ 40. Kg2 Ra2+ 41. Kf1 Bc5 42. Rxh7 Ke8 43. Bg5 Kd7 44. Rh8 Bb6 45. Rb8 Kc6 46. h4 Rf2+ 47. Ke1 Rh2 48. Kf1 Rf2+ 49. Ke1 Rh2 50. Kf1 Rf2+ 51. Ke1 Rh2 52. Kf1 Bd4 53. Rd8 Kc5 54. Bf6 Kc4 55. Rxd4+ Kxd4 56. Kg1 Ra2 57. h5 1/2-1/2